000
00204 a2200097 4500
001
37310
100
_a
manchester, R B
245
_a
Incredible Facts
260
_a
York
_b
Exeter
_c
090
_c
23782
_d
23782
942
_a
NUST-CAE
_c
M
_c
15316
999
_c
272383
_d
272383